MotoGP Team Champions - Statistics

General Stats
  • This quiz has been taken 50 times
  • The average score is 4 of 8
Answer Stats
Hint Answer % Correct
2002 Repsol Honda Team
90%
2021 Ducati Lenovo Team
87%
2023 Prima Pramac Racing
64%
2015 Movistar Yamaha MotoGP
51%
2005 Fiat Yamaha Team
46%
2020 Team Suzuki Ecstar
44%
2007 Ducati Marlboro Team
38%
2004 Gauloises Fortuna Yamaha
23%
No matching quizzes found
Score Distribution
Percent of People with Each Score
Percentile by Number Answered
Your Score History
You have not taken this quiz